[Event "I Memorial Victorio Riego Prieto"]
[Site "?"]
[Date "2011.01.12"]
[Round "9.4"]
[White "Peralta, Eduardo"]
[Black "Spata, German"]
[Result "1/2-1/2"]
[WhiteElo "2270"]
[BlackElo "2330"]
[PlyCount "150"]
[EventDate "2011.01.05"]
[SourceDate "2011.01.05"]

1. Nf3 Nf6 2. g3 d5 3. Bg2 c6 4. O-O Bf5 5. b3 e6 6. Bb2 h6 7. c4 Be7 8. d3 O-O
9. Nbd2 a5 10. a3 Bh7 11. Qc2 Nbd7 12. Rab1 Bd6 13. e4 e5 14. Rbd1 dxe4 15.
Nxe4 Bc7 16. Qe2 Nxe4 17. dxe4 Qe7 18. Nh4 Rad8 19. Nf5 Bxf5 20. exf5 Bd6 21.
Be4 Rfe8 22. Rfe1 Nf6 23. a4 Ba3 24. Ba1 Bb4 25. Rf1 Bc5 26. Bc3 Qc7 27. Kg2
Bd4 28. Bd2 Rd7 29. Bc2 e4 30. Bf4 Be5 31. Be3 Rxd1 32. Rxd1 c5 33. h3 b6 34.
Qd2 Qc8 35. g4 Bb8 36. Qe2 Qc7 37. Rh1 Qe5 38. Bb1 Rd8 39. Bc2 Bc7 40. Bb1 Rd7
41. Bc2 Qe8 42. h4 h5 43. gxh5 Qe5 44. h6 Qxf5 45. hxg7 Bf4 46. Rd1 Rxd1 47.
Qxd1 Bxe3 48. fxe3 Kxg7 49. Qe2 Ng4 50. Kg3 Ne5 51. Qg2 Qg6+ 52. Kf2 f5 53. Bd1
Qxg2+ 54. Kxg2 Kf6 55. Be2 Nf7 56. Bh5 Ne5 57. Be2 Ng6 58. Kg3 Ke5 59. h5 Nf8
60. Bf1 Kf6 61. Bh3 Kg5 62. h6 Nh7 63. Kf2 Kxh6 64. Bxf5 Nf6 65. Kg3 Kg5 66.
Be6 Nh5+ 67. Kf2 Kf6 68. Bg4 Ng7 69. Kg3 Ke5 70. Kf2 Ne8 71. Kg3 Nc7 72. Kf2
Na6 73. Be2 Kf5 74. Kg3 Nb4 75. Bd1 Kg5 1/2-1/2

[Event "I Memorial Victorio Riego Prieto"]
[Site "?"]
[Date "2011.01.12"]
[Round "9.5"]
[White "Valiente, Cristobal"]
[Black "Della Morte, German"]
[Result "0-1"]
[WhiteElo "2257"]
[BlackElo "2345"]
[PlyCount "42"]
[EventDate "2011.01.05"]
[SourceDate "2011.01.05"]

1. e4 e5 2. Nc3 Nf6 3. Nf3 Nc6 4. Bb5 Nd4 5. Ba4 c6 6. d3 d6 7. h3 b5 8. Bb3 a5
9. a3 Nxb3 10. cxb3 Be6 11. d4 b4 12. axb4 axb4 13. Na4 Nxe4 14. dxe5 dxe5 15.
Qc2 Nc5 16. Nxc5 Rxa1 17. Nxe6 fxe6 18. O-O Be7 19. Re1 O-O 20. Kh2 Qd5 21.
Nxe5 Rxc1 0-1

[Event "I Memorial Victorio Riego Prieto"]
[Site "?"]
[Date "2011.01.12"]
[Round "9.6"]
[White "Catelli, Hernan"]
[Black "Vazquez, Guillermo"]
[Result "1/2-1/2"]
[WhiteElo "2212"]
[BlackElo "2168"]
[PlyCount "83"]
[EventDate "2011.01.05"]
[SourceDate "2011.01.05"]

1. e4 e6 2. d4 d5 3. Nd2 dxe4 4. Nxe4 Nd7 5. Bd3 Ngf6 6. Qe2 c5 7. Nxc5 Nxc5 8.
dxc5 Bxc5 9. Nf3 O-O 10. Bg5 Qa5+ 11. c3 Be7 12. h4 Bd7 13. Ne5 Bc6 14. Nxc6
bxc6 15. O-O Rfd8 16. Bc4 h6 17. Bf4 Qf5 18. g3 Ng4 19. f3 Nf6 20. Be3 Qg6 21.
Bf2 Nh5 22. Kh2 Bd6 23. Rg1 Qf5 24. Rad1 a5 25. Bd3 Qf6 26. Qe4 g6 27. Be2 Rab8
28. b3 Qxc3 29. Rc1 Qe5 30. Rxc6 Qxe4 31. fxe4 Nf6 32. Bf3 Bb4 33. Rgc1 Rd2 34.
R1c2 Rbd8 35. Kg1 Kg7 36. e5 Nd5 37. Kf1 Ne7 38. Rc7 Nf5 39. R7c4 Rxc2 40. Rxc2
Nd4 41. Bxd4 Rxd4 42. Ke2 1/2-1/2

[Event "I Memorial Victorio Riego Prieto"]
[Site "?"]
[Date "2011.01.13"]
[Round "10.1"]
[White "Villalba, Marcelo"]
[Black "Vazquez, Guillermo"]
[Result "1/2-1/2"]
[WhiteElo "2149"]
[BlackElo "2168"]
[PlyCount "67"]
[EventDate "2011.01.05"]
[SourceDate "2011.01.05"]

1. e4 e5 2. Nf3 Nc6 3. Bc4 Bc5 4. c3 Nf6 5. d4 exd4 6. cxd4 Bb4+ 7. Nc3 Nxe4 8.
O-O Bxc3 9. d5 Ne5 10. Qe2 O-O 11. bxc3 Nxc4 12. Qxe4 Nd6 13. Qd3 h6 14. Bf4
Qf6 15. Be5 Qg6 16. Qxg6 fxg6 17. Bxd6 cxd6 18. a4 b6 19. a5 Ba6 20. Rfb1 Bc4
21. Rb4 Bxd5 22. Rd4 Bxf3 23. gxf3 Rac8 24. Rxd6 Rxc3 25. Rxd7 Rcxf3 26. Rxa7
bxa5 27. Ra2 R8f5 28. Rb2 g5 29. Rbb7 Rf7 30. Rxf7 Rxf7 31. Rxa5 Kh7 32. Kg2
Kg6 33. Rb5 h5 34. h3 1/2-1/2

[Event "I Memorial Victorio Riego Prieto"]
[Site "?"]
[Date "2011.01.13"]
[Round "10.2"]
[White "Della Morte, German"]
[Black "Catelli, Hernan"]
[Result "0-1"]
[WhiteElo "2345"]
[BlackElo "2212"]
[PlyCount "106"]
[EventDate "2011.01.05"]
[SourceDate "2011.01.05"]

1. e4 e6 2. d4 d5 3. Nc3 Nf6 4. e5 Nfd7 5. f4 c5 6. Nf3 Nc6 7. Be3 cxd4 8. Nxd4
Qb6 9. Rb1 Bc5 10. Na4 Qa5+ 11. c3 Bxd4 12. Bxd4 Nxd4 13. Qxd4 b6 14. Qb4 Qxb4
15. cxb4 Bb7 16. Bb5 Rc8 17. Kd2 Ke7 18. Bxd7 Kxd7 19. Rbc1 d4 20. Kd3 Bxg2 21.
Rhg1 Rxc1 22. Rxc1 Bc6 23. b3 Bxa4 24. bxa4 Rc8 25. Rg1 g6 26. Rg2 Ke7 27. Kxd4
f6 28. h4 Kf7 29. exf6 Kxf6 30. Rg5 Rc2 31. a5 Rxa2 32. axb6 axb6 33. h5 Rd2+
34. Ke4 Rd5 35. Rg3 Rxh5 36. Rc3 Rb5 37. Rc4 h5 38. Rd4 h4 39. Kf3 h3 40. Kg3
Rh5 41. Kh2 b5 42. Re4 e5 43. fxe5+ Rxe5 44. Rd4 Rh5 45. Rd6+ Kf5 46. Rb6 Ke4
47. Rxg6 Kd3 48. Rg4 Kc3 49. Rf4 Rh7 50. Rg4 Rc7 51. Kxh3 Rc4 52. Rg5 Kxb4 53.
Kg2 Rf4 0-1

[Event "I Memorial Victorio Riego Prieto"]
[Site "?"]
[Date "2011.01.13"]
[Round "10.3"]
[White "Spata, German"]
[Black "Valiente, Cristobal"]
[Result "1/2-1/2"]
[WhiteElo "2330"]
[BlackElo "2257"]
[PlyCount "66"]
[EventDate "2011.01.05"]
[SourceDate "2011.01.05"]

1. d4 Nf6 2. c4 e6 3. Nc3 Bb4 4. e3 c5 5. Nge2 O-O 6. a3 Bxc3+ 7. Nxc3 cxd4 8.
Qxd4 d5 9. Be2 Nc6 10. Qd1 dxc4 11. Qxd8 Rxd8 12. Bxc4 b6 13. O-O Bb7 14. Be2
Ne5 15. f3 Nd3 16. Rd1 Nxc1 17. Raxc1 Kf8 18. e4 Rac8 19. Kf2 Rxd1 20. Rxd1 Ke7
21. Nb5 Rc2 22. b4 Ba6 23. Nd4 Bxe2 24. Nxe2 Nd7 25. Rc1 Rxc1 26. Nxc1 Ne5 27.
a4 g5 28. Ke3 Kd6 29. Kd4 a6 30. b5 axb5 31. axb5 Ng6 32. Nd3 f6 33. g3 Ne5
1/2-1/2

[Event "I Memorial Victorio Riego Prieto"]
[Site "?"]
[Date "2011.01.13"]
[Round "10.4"]
[White "Brito, Luismar"]
[Black "Peralta, Eduardo"]
[Result "1/2-1/2"]
[WhiteElo "2319"]
[BlackElo "2270"]
[PlyCount "92"]
[EventDate "2011.01.05"]
[SourceDate "2011.01.05"]

1. e4 c5 2. Nf3 Nc6 3. d4 cxd4 4. Nxd4 g6 5. c4 Bg7 6. Be3 Nf6 7. Nc3 Ng4 8.
Qxg4 Nxd4 9. Qd1 Ne6 10. Qd2 Qa5 11. Rc1 b6 12. b3 Bb7 13. f3 O-O 14. Bd3 g5
15. O-O Bd4 16. Bxd4 Nxd4 17. b4 Qe5 18. Nd5 Kh8 19. Ne3 d6 20. Rfd1 Qg7 21.
Bf1 Nc6 22. Nf5 Qf6 23. c5 dxc5 24. bxc5 Rad8 25. Qe3 Rxd1 26. Rxd1 Rd8 27.
Rxd8+ Nxd8 28. Qa3 Bc8 29. Qd3 Nc6 30. cxb6 axb6 31. Ne3 Be6 32. a3 Kg7 33. Qb5
Qd4 34. Qxg5+ Kh8 35. h4 Ne5 36. Kh2 f6 37. Qh6 Kg8 38. Kg3 Qd6 39. f4 Nf7 40.
Qh5 Qxa3 41. Qf3 Qc1 42. Kh2 Nh6 43. Be2 Qe1 44. Qg3+ Qxg3+ 45. Kxg3 Nf7 46.
Kf3 Nd6 1/2-1/2

[Event "I Memorial Victorio Riego Prieto"]
[Site "?"]
[Date "2011.01.13"]
[Round "10.5"]
[White "Larrea, Manuel"]
[Black "Guimaraes, Wagner Peixoto"]
[Result "1/2-1/2"]
[WhiteElo "2311"]
[BlackElo "2289"]
[PlyCount "20"]
[EventDate "2011.01.05"]
[SourceDate "2011.01.05"]

1. e4 e5 2. Nf3 Nf6 3. Nxe5 d6 4. Nf3 Nxe4 5. Qe2 Qe7 6. d3 Nf6 7. Bg5 Nbd7 8.
Nc3 Qxe2+ 9. Bxe2 Be7 10. O-O-O h6 1/2-1/2

[Event "I Memorial Victorio Riego Prieto"]
[Site "?"]
[Date "2011.01.15"]
[Round "11.1"]
[White "Kropff, Ricardo"]
[Black "Villalba, Marcelo"]
[Result "1/2-1/2"]
[WhiteElo "2294"]
[BlackElo "2149"]
[PlyCount "26"]
[EventDate "2011.01.05"]
[SourceDate "2011.01.05"]

1. d4 Nf6 2. c4 e6 3. Nc3 Bb4 4. e3 Ne4 5. Nge2 Nxc3 6. Nxc3 Bxc3+ 7. bxc3 Nc6
8. Bd3 d6 9. O-O Qe7 10. e4 e5 11. Be3 O-O 12. f4 exf4 13. Rxf4 f5 1/2-1/2

[Event "I Memorial Victorio Riego Prieto"]
[Site "?"]
[Date "2011.01.15"]
[Round "11.3"]
[White "Peralta, Eduardo"]
[Black "Larrea, Manuel"]
[Result "1/2-1/2"]
[WhiteElo "2270"]
[BlackElo "2311"]
[PlyCount "84"]
[EventDate "2011.01.05"]
[SourceDate "2011.01.05"]

1. d4 d5 2. Nf3 Nf6 3. c4 e6 4. g3 dxc4 5. Bg2 c5 6. O-O Nc6 7. dxc5 Qxd1 8.
Rxd1 Bxc5 9. Nbd2 e5 10. Nxc4 e4 11. Ng5 Bg4 12. Nxe4 Nxe4 13. Bxe4 Nd4 14. Be3
O-O-O 15. Bxd4 Bxd4 16. Rac1 Kb8 17. Bf3 Be6 18. b3 Bxc4 19. bxc4 Bc5 20. Bd5
Rd7 21. Rb1 b6 22. a4 a5 23. Kg2 Kc7 24. e4 g5 25. Rb3 g4 26. f4 f6 27. Rh1 h5
28. h4 Re8 29. Re1 Rde7 30. Rd3 Bb4 31. Re2 Bc5 32. f5 Rd8 33. Red2 Bb4 34. Rd1
Bc5 35. Kf1 Rd6 36. Re1 Bb4 37. Re2 Bc5 38. Rd1 Bb4 39. Kg2 Bc5 40. Rde1 Bb4
41. Rb1 Bc5 42. Rb3 Rd8 1/2-1/2

[Event "I Memorial Victorio Riego Prieto"]
[Site "?"]
[Date "2011.01.15"]
[Round "11.4"]
[White "Valiente, Cristobal"]
[Black "Brito, Luismar"]
[Result "1/2-1/2"]
[WhiteElo "2257"]
[BlackElo "2319"]
[PlyCount "32"]
[EventDate "2011.01.05"]
[SourceDate "2011.01.05"]

1. e4 b6 2. d4 e6 3. Bd3 Bb7 4. Nf3 Nf6 5. Qe2 c5 6. c3 d6 7. O-O Be7 8. Nbd2
Nbd7 9. Re1 e5 10. Nf1 g6 11. h3 Nh5 12. a4 Kf8 13. b4 Kg7 14. Bb2 Qc7 15. a5
c4 16. Bxc4 Bxe4 {Ilegible} 1/2-1/2

[Event "I Memorial Victorio Riego Prieto"]
[Site "?"]
[Date "2011.01.15"]
[Round "11.5"]
[White "Catelli, Hernan"]
[Black "Spata, German"]
[Result "1/2-1/2"]
[WhiteElo "2212"]
[BlackElo "2330"]
[PlyCount "22"]
[EventDate "2011.01.05"]
[SourceDate "2011.01.05"]

1. c4 Nf6 2. Nc3 g6 3. g3 Bg7 4. Bg2 O-O 5. e3 e5 6. Nge2 c6 7. d4 d6 8. dxe5
dxe5 9. Qxd8 Rxd8 10. b3 Na6 11. Ba3 Bf8 1/2-1/2

[Event "I Memorial Victorio Riego Prieto"]
[Site "?"]
[Date "2011.01.15"]
[Round "11.6"]
[White "Vazquez, Guillermo"]
[Black "Della Morte, German"]
[Result "1/2-1/2"]
[WhiteElo "2168"]
[BlackElo "2345"]
[PlyCount "112"]
[EventDate "2011.01.05"]
[SourceDate "2011.01.05"]

1. Nf3 Nf6 2. g3 g6 3. Bg2 Bg7 4. O-O O-O 5. d4 d6 6. c4 Nbd7 7. b3 e5 8. dxe5
dxe5 9. Nc3 Re8 10. h3 c6 11. Be3 Qe7 12. Qc1 Nc5 13. Qa3 Nfd7 14. Rad1 f5 15.
b4 Ne6 16. c5 a5 17. bxa5 Ndxc5 18. Nd2 f4 19. Bxc5 Qxc5 20. Qb3 Kh8 21. Nce4
Qe7 22. Nc4 Nd4 23. Qb2 Be6 24. Ned6 Red8 25. gxf4 Bxc4 26. Nxc4 exf4 27. Qa3
Nxe2+ 28. Kh2 Qg5 29. Rxd8+ Rxd8 30. Re1 Nd4 31. Nd6 Qf6 32. Nxb7 Nc2 33. Qe7
Rb8 34. Qxf6 Bxf6 35. Re6 Bh4 36. Rxc6 Nd4 37. Rd6 Bxf2 38. Rd8+ Rxd8 39. Nxd8
Bg3+ 40. Kg1 f3 41. a6 Bb8 42. Bh1 Ba7 43. Kf1 Kg7 44. Nb7 Kf6 45. Nd6 Nf5 46.
Nxf5 Kxf5 47. Bxf3 Ke5 48. Ke2 Kd6 49. Kd3 Kc7 50. Ke4 Kb8 51. Ke5 Be3 52. Kf6
Ka7 53. Be2 Bd4+ 54. Kf7 Bc3 55. Kg8 h6 56. Kh7 Bd2 1/2-1/2